• 首页
  • 本馆介绍
  • 公告通知
  • 最新文献
  • 馆藏检索
  • 电子资源
  • 读者导购
  • 参考咨询
  • 我的图书馆
  • 登录
  • 详细信息显示
  • 放入我的书架
  • 预约/预借图书
  • 作者相关作品
  • 分类相关作品
  • 丛书相关作品
  • 出版社相关作品

书目信息

  • 表格格式
  • 工作单格式
  • 卡片格式
题名:
关于有计划按比例高速度发展国民经济论文选
    
 
作者: ;社会科学院经济研究所学术资料室 编
分册:  
出版信息: 北京   中国财政经济出版社  1979.01
页数: 114页
开本: 19cm
丛书名:
单 册:
中图分类: F043
科图分类:
主题词: 社会主义社会--生产方式
电子资源:
ISBN:
000 00694nam0 2200193 45
001 0204140946
005 20060517091016.87
010    @dCNY0.31
091    @a4166.093
100    @a20020414d1979 km y0chiy0120 ea
101 0  @achi
200 1  @a关于有计划按比例高速度发展国民经济论文选@AGuan Yu You Ji Hua An Bi Li Gao Su Du Fa Zhan Guo Min Jing Ji Lun Wen Xuan@f社会科学院经济研究所学术资料室编@FShe Hui Ke Xue Yuan Jing Ji Yan Jiu Suo Xue Shu Zi Liao Shi Bian
210    @a北京@c中国财政经济出版社@d1979.01
215    @a114页@d19cm
606 0  @a社会主义社会@x生产方式
690    @aF043@v3
711 02 @a社会科学院经济研究所学术资料室@4编
801    @aCN@bTSTC@c20060517
905    @f1@b5505@dF043@e2
    
    关于有计划按比例高速度发展国民经济论文选/社会科学院经济研究所学术资料室编.-北京:中国财政经济出版社,1979.01
    114页;19cm
    
    
    ISBN :CNY0.31
    
●
相关链接 在E读中查询图书 在五车中查询图书 在当当中查询图书 在豆瓣中查询图书


正题名:关于有计划按比例高速度发展国民经济论文选     索取号:F043/2         预约/预借

序号 登录号 条形码 馆藏地/架位号 状态 备注
1 0005505   001791886   密集书库/ [索取号:F043/2] 在馆    
2 0005506   202345603   密集书库/ [索取号:F043/2] 在馆    
唐山师范学院图书馆 欢迎您!
大连网信软件有限公司© 版权所有